[Event "AUTO-MASTER-1426"]
[Site "http://www.queenalice.com/game.php?id=947837"]
[Date "2011.6.9"]
[Round "1"]
[White "afonso092"]
[Black "Piritubachess"]
[Result "0-1"]
[WhiteElo "2033"]
[BlackElo "2111"]

1. e4 e5 2. Bc4 Nf6 3. d3 c6 4. Nf3 d5 5. exd5 cxd5 6. Bb5+ Bd7 7. Bxd7+ Nbxd7
8. O-O Qc7 9. Nc3 Bb4 10. Bd2 O-O 11. a3 Ba5 12. h3 Rfe8 13. Ne2 Bxd2 14. Qxd2
Nc5 15. Ng3 e4 16. dxe4 dxe4 17. Nh2 e3 18. fxe3 Qxg3 19. Rf3 Nce4 20. Qe2 Qg6
21. Rd1 Rad8 22. Rxd8 Rxd8 23. Nf1 a6 24. Kh2 h6 25. Kh1 b5 26. Kh2 Qh5 27. Kg1
Qd5 28. Kh1 Qd1 0-1

[Event "Let's Play Chess!"]
[Site "http://www.queenalice.com/game.php?id=978877"]
[Date "2011.8.30"]
[Round "-"]
[White "Piritubachess"]
[Black "FeralChild"]
[Result "1-0"]
[WhiteElo "2105"]
[BlackElo "1877"]

1. e4 e6 2. d4 d5 3. Nd2 dxe4 4. Nxe4 b6 5. Nf3 Bb7 6. Bd3 Nd7 7. O-O c5 8. Ne5
Nxe5 9. dxe5 g6 10. Bb5+ Ke7 11. Bg5+ f6 12. exf6+ Kf7 13. Re1 Bh6 14. Nd6+ Kf8
15. Bxh6+ Nxh6 16. Nxb7 Qxf6 17. Qd7 e5 18. Rad1 Nf7 19. Rd3 Kg7 20. Rf3 Qd8 21.
Nxd8 Rhxd8 22. Qxf7+ Kh6 23. Rh3+ Kg5 24. Rxe5+ Kg4 25. f3# 1-0

[Event "Let's Play Chess!"]
[Site "http://www.queenalice.com/game.php?id=978884"]
[Date "2011.8.30"]
[Round "-"]
[White "FeralChild"]
[Black "Piritubachess"]
[Result "0-1"]
[WhiteElo "1914"]
[BlackElo "2098"]

1. c4 e5 2. g3 Nf6 3. Bg2 Bc5 4. Nc3 O-O 5. d3 d6 6. Rb1 Nc6 7. Nf3 Ng4 8. O-O
Nxf2 9. Rxf2 Bxf2+ 10. Kxf2 Bg4 11. Nd5 Re8 12. Ne1 Nd4 13. Nc3 c6 14. b4 Qf6+
15. Kg1 Qf5 16. Be3 Bh3 17. Nc2 Nxc2 18. Qxc2 Bxg2 19. Kxg2 Qe6 20. Qb3 a6 21.
Bb6 Rf8 22. Rf1 f5 23. a4 f4 24. Rf3 Rf6 25. Ne4 Rh6 26. Ng5 Qg4 27. c5+ d5 28.
Ne4 Qh3+ 29. Kf2 Qxh2+ 30. Ke1 Qg2 31. gxf4 Rh1+ 32. Kd2 Qg1 33. Kc2 Qc1# 0-1

[Event "Challenge"]
[Site "http://www.queenalice.com/game.php?id=989654"]
[Date "2011.9.25"]
[Round "-"]
[White "Magia1"]
[Black "Piritubachess"]
[Result "0-1"]
[WhiteElo "1974"]
[BlackElo "2086"]

1. d4 d5 2. e3 Nf6 3. Na3 Nbd7 4. Qd2 e5 5. dxe5 Nxe5 6. Qc3 Bd6 7. Bd2 O-O 8.
O-O-O Ne4 9. Qa5 Nxf2 10. Qxd5 Nxh1 11. g3 Nf2 12. Re1 Be6 13. Qb5 a6 14. Qxb7
Bxa3 15. bxa3 Rb8 16. Qxa6 Ne4 17. Bg2 Qxd2# 0-1

[Event "Let's Play Chess!"]
[Site "http://www.queenalice.com/game.php?id=1068877"]
[Date "2012.6.8"]
[Round "-"]
[White "HelderNanques"]
[Black "Piritubachess"]
[Result "0-1"]
[WhiteElo "2155"]
[BlackElo "2110"]

1. e3 Nf6 2. b3 e5 3. Bb2 Nc6 4. Bb5 Bd6 5. Nc3 O-O 6. Nge2 a6 7. Bxc6 dxc6 8.
O-O e4 9. Ng3 Re8 10. f4 Qe7 11. h3 a5 12. a4 b6 13. Nh5 Nxh5 14. Qxh5 f5 15.
Kf2 Be6 16. Rg1 Rad8 17. Rad1 Rf8 18. g4 Bf7 19. Qg5 Qxg5 20. fxg5 fxg4 21. Kg2
gxh3+ 22. Kxh3 Be6+ 23. Kh4 Rf3 24. Rh1 Bg3+ 25. Kh5 g6+ 26. Kh6 Be5 27. Nxe4
Bxb2 0-1

[Event "AUTO-MASTER-1696"]
[Site "http://www.queenalice.com/game.php?id=1083733"]
[Date "2012.7.17"]
[Round "1"]
[White "docb"]
[Black "Piritubachess"]
[Result "1-0"]
[WhiteElo "1998"]
[BlackElo "2118"]

1. e4 e5 2. Nf3 Nf6 3. Nxe5 Qe7 4. Nf3 Qxe4+ 5. Be2 Be7 6. Nc3 Qb4 7. a3 Qd6 8.
d4 O-O 9. O-O Re8 10. g3 Bf8 11. Bf4 Qb6 12. b4 c6 13. Na4 Qd8 14. c4 d5 15. c5
Nbd7 16. Rb1 Qe7 17. Re1 b6 18. Bb5 Qd8 19. Bxc6 Rxe1+ 20. Qxe1 Nh5 21. Bxa8 Ba6
22. Bxd5 Nxf4 23. gxf4 bxc5 24. Bc6 Bd6 25. Ne5 Nxe5 26. dxe5 Bc7 27. Nxc5 Bc8
28. Rd1 Qe7 29. Bd7 Bxd7 30. Rxd7 Qh4 31. Rxc7 Qg4+ 32. Kf1 Qh3+ 33. Ke2 Qg4+
34. f3 Qg2+ 35. Qf2 Qg6 36. Rc8# 1-0

[Event "AUTO-MASTER-1696"]
[Site "http://www.queenalice.com/game.php?id=1083734"]
[Date "2012.7.17"]
[Round "1"]
[White "Piritubachess"]
[Black "docb"]
[Result "1/2-1/2"]
[WhiteElo "2123"]
[BlackElo "1973"]

1. e4 Nc6 2. Nf3 d6 3. Bc4 Nf6 4. Nc3 Bg4 5. h3 Bh5 6. g4 Bg6 7. Ng5 h6 8. Nf3
Nxe4 9. Nxe4 Bxe4 10. d3 Bg6 11. O-O e6 12. Bb5 a6 13. Ba4 b5 14. Bb3 Na5 15. c3
Nxb3 16. axb3 Be7 17. Nd4 Bh4 18. Nf3 f5 19. Be3 fxg4 20. hxg4 Qf6 21. Bd4 e5
22. Nxh4 Qxh4 23. Be3 O-O 24. f3 Qg3+ 25. Kh1 Qh3+ 26. Kg1 Qg3+ 27. Kh1 Qh3+ 28.
Kg1 Qg3+ 1/2-1/2

[Event "AUTO-MASTER-1696"]
[Site "http://www.queenalice.com/game.php?id=1083745"]
[Date "2012.7.17"]
[Round "1"]
[White "Oldchessman"]
[Black "Piritubachess"]
[Result "1-0"]
[WhiteElo "2200"]
[BlackElo "2083"]

1. e4 e5 2. Nf3 Nf6 3. Nc3 Bc5 4. d4 exd4 5. Nxd4 O-O 6. Be3 Re8 7. Bd3 d5 8.
Qd2 dxe4 9. Be2 Re7 10. O-O-O Nbd7 11. Nf5 Re5 12. g4 h6 13. h4 Bb4 14. Bd4 Re8
15. g5 e3 16. Bxe3 Ne4 17. Qd4 Bf8 18. Nxe4 b6 19. gxh6 c5 20. Qd5 Rb8 21. hxg7
Bxg7 22. Nxg7 Bb7 23. Qxd7 Qxd7 24. Rxd7 Bxe4 25. Rg1 Bg6 26. Nh5 a5 27. Nf4
Rbd8 28. Rxd8 Rxd8 29. Nxg6 fxg6 30. Rxg6+ Kf7 31. Rxb6 Rh8 32. h5 a4 33. Bxc5
Re8 34. Kd2 Rd8+ 35. Bd3 Rd5 36. Be3 Kg7 37. h6+ Kg8 38. h7+ Kh8 39. Rb8+ Kg7
40. h8=Q+ Kf7 41. Rb7+ Ke6 42. Qh6+ 1-0

[Event "AUTO-MASTER-1696"]
[Site "http://www.queenalice.com/game.php?id=1083746"]
[Date "2012.7.17"]
[Round "1"]
[White "Piritubachess"]
[Black "Oldchessman"]
[Result "0-1"]
[WhiteElo "2083"]
[BlackElo "2186"]

1. e4 c5 2. Nf3 Nc6 3. Bc4 e6 4. d4 cxd4 5. Nxd4 Nf6 6. Bg5 Be7 7. Nc3 O-O 8.
O-O d6 9. Rb1 h6 10. Bh4 e5 11. Nxc6 bxc6 12. a3 Qc7 13. Re1 Bb7 14. b4 Rab8 15.
Qe2 Kh7 16. Bxf6 Bxf6 17. Qf3 Bg5 18. Rbd1 Bc8 19. g3 f5 20. Bd3 f4 21. Ne2 fxg3
22. Qxf8 Bg4 23. Qxb8 gxf2+ 24. Kxf2 Qxb8 25. Rg1 Qf8+ 26. Ke1 Qf3 27. Rf1 Qe3
28. Rd2 Bh4+ 29. Kd1 Bg5 30. Ke1 Qxd2+ 31. Kf2 Bh4+ 32. Kg1 Bxe2 33. Bxe2 Qxe2
34. c3 Qxe4 35. Rf7 d5 36. Rxa7 Qe3+ 37. Kg2 Qxa7 38. Kh3 Be1 39. Kg2 Qf2+ 40.
Kh1 Qf1# 0-1

[Event "AUTO-MASTER-1696"]
[Site "http://www.queenalice.com/game.php?id=1083753"]
[Date "2012.7.17"]
[Round "1"]
[White "Piritubachess"]
[Black "lobatov"]
[Result "0-1"]
[WhiteElo "2086"]
[BlackElo "2088"]

1. e4 c5 2. Nf3 Nc6 3. d4 cxd4 4. Nxd4 Nf6 5. Nc3 e5 6. Nxc6 bxc6 7. Bc4 h6 8.
O-O Bb7 9. Re1 Bb4 10. Bd2 O-O 11. a3 Ba5 12. Na4 Bxd2 13. Qxd2 Re8 14. Nc5 Bc8
15. Rad1 Rb8 16. b3 Qe7 17. Qa5 d6 18. Na6 Rb6 19. h3 Nxe4 20. Nb4 d5 21. Ba6
Bxa6 22. Nxa6 Rc8 23. Nb4 Qb7 24. Rd3 f6 25. Rde3 Qd7 26. Nd3 Rb5 27. Qa6 Qc7
28. b4 Rcb8 29. Qa4 c5 30. bxc5 Nxc5 31. Qg4 Nxd3 32. Rxd3 d4 33. Rg3 R5b7 34.
Qe6+ Kh8 35. Qf5 Rb1 36. Rxb1 Rxb1+ 37. Kh2 Rc1 38. Qg6 Qe7 39. Rb3 Qc7 40. Qe4
Rxc2 41. Rb7 Qc8 42. Rxa7 Rc6 43. Qd5 Ra6 44. Rxa6 Qxa6 45. Qf3 Qd6 46. Qa8+ Kh7
47. Qe4+ Kg8 48. Qa8+ Kf7 49. a4 Qd7 50. a5 d3 51. Qf3 d2 52. Qd1 Qd3 53. a6
Qxa6 54. Qxd2 Qc6 55. f3 Ke7 56. Qb4+ Qd6 57. Qb7+ Kf8 58. Qc8+ Kf7 59. Qb7+ Kg6
60. Qe4+ f5 61. Qa8 e4+ 62. Kg1 Qd4+ 63. Kh2 e3 64. Qe8+ Kh7 65. Qc8 Qe5+ 66.
Kg1 e2 67. Qc1 e1=Q+ 68. Qxe1 Qxe1+ 69. Kh2 f4 70. h4 Qxh4+ 71. Kg1 Qe1+ 72. Kh2
h5 73. g3 Qxg3+ 74. Kh1 Qxf3+ 75. Kg1 h4 76. Kh2 h3 0-1

[Event "AUTO-MASTER-1696"]
[Site "http://www.queenalice.com/game.php?id=1083754"]
[Date "2012.7.17"]
[Round "1"]
[White "lobatov"]
[Black "Piritubachess"]
[Result "1-0"]
[WhiteElo "2016"]
[BlackElo "2102"]

1. e4 e5 2. Nf3 Nf6 3. Nxe5 Qe7 4. Nf3 Qxe4+ 5. Qe2 Nc6 6. Qxe4+ Be7 7. Qe2 O-O
8. Qd1 Re8 9. Be2 d5 10. d4 Bg4 11. O-O Bd6 12. h3 Bh5 13. c3 Ne7 14. Bg5 Nd7
15. Bxe7 Rxe7 16. Nbd2 Rae8 17. Bd3 Bxf3 18. Nxf3 h6 19. Qd2 a6 20. Rfe1 Rxe1+
21. Rxe1 Nf6 22. Rxe8+ Nxe8 23. Qe3 Nf6 24. Ne5 Bxe5 25. dxe5 Nd7 26. e6 fxe6
27. Qxe6+ Kf8 28. Qxd7 h5 29. Bg6 Kg8 30. Qe8# 1-0

[Event "Challenge"]
[Site "http://www.queenalice.com/game.php?id=1091104"]
[Date "2012.8.7"]
[Round "-"]
[White "dedey_r3"]
[Black "Piritubachess"]
[Result "0-1"]
[WhiteElo "1755"]
[BlackElo "2083"]

1. e4 e5 2. Nf3 Nf6 3. Nc3 Nc6 4. Bc4 h6 5. O-O Bc5 6. a3 Ng4 7. h3 Nxf2 8. Rxf2
Bxf2+ 9. Kxf2 O-O 10. Bb5 Re8 11. Bxc6 dxc6 12. Ne2 b6 13. b4 Ba6 14. Bb2 Bxe2
15. Qxe2 f6 16. d4 exd4 17. Nxd4 Qd7 18. Rd1 Rad8 19. c3 c5 20. Qc4+ Kh7 21. a4
Qxa4 22. Ra1 Qd7 23. Qb5 Rxe4 24. Qxd7 Rxd7 25. Nc6 Rd2+ 26. Kf3 f5 27. bxc5
Rxb2 28. cxb6 axb6 29. Nd4 c5 30. Nxf5 Rc4 31. Rc1 Rb3 32. Ke2 Rcxc3 33. Rxc3
Rxc3 34. Kd2 Rb3 35. Ne3 b5 36. Nc2 Rg3 37. Ne1 b4 38. Kc2 c4 39. Kd2 b3 40. Kc1
c3 41. Kb1 Re3 42. Nf3 Rd3 43. Ne1 Rd1# 0-1

[Event "AUTO-OPEN-2971"]
[Site "http://www.queenalice.com/game.php?id=1173618"]
[Date "2013.4.20"]
[Round "1"]
[White "MrGreen"]
[Black "Piritubachess"]
[Result "1-0"]
[WhiteElo "2181"]
[BlackElo "2044"]

1. Nf3 Nf6 2. d4 d5 3. c4 dxc4 4. e3 Be6 5. Nc3 Nbd7 6. Ng5 Bg4 7. Bxc4 e6 8. f3
Bh5 9. O-O Nb6 10. Be2 Bb4 11. Nge4 Bxc3 12. Nxc3 O-O 13. e4 a6 14. Bg5 h6 15.
Be3 Re8 16. Qe1 Qe7 17. a3 Nfd7 18. Qg3 Qf6 19. Qxc7 Rec8 20. Qxb7 Qd8 21. Bf4
Nb8 22. d5 exd5 23. Rad1 Nc6 24. Nxd5 Nxd5 25. Rxd5 Qe7 26. Qxe7 Nxe7 27. Rxh5
Rc2 28. Rf2 Rxb2 29. Bc4 Rxf2 30. Kxf2 a5 31. Rc5 Ng6 32. Bd2 Kf8 33. a4 Ne7 34.
Rxa5 Rc8 35. Bb4 g6 36. Rc5 Rb8 37. Ba3 Kg7 38. Rc7 Re8 39. Rxe7 Rxe7 40. Bxe7
h5 41. a5 1-0

[Event "AUTO-OPEN-2971"]
[Site "http://www.queenalice.com/game.php?id=1173619"]
[Date "2013.4.20"]
[Round "1"]
[White "Piritubachess"]
[Black "MrGreen"]
[Result "0-1"]
[WhiteElo "2033"]
[BlackElo "2252"]

1. e4 e5 2. Nf3 Nc6 3. d4 exd4 4. Nxd4 Bc5 5. Be3 Qf6 6. c3 Nge7 7. Nxc6 Bxe3 8.
fxe3 Nxc6 9. Na3 Qh4+ 10. g3 Qxe4 11. Rg1 Qxe3+ 12. Qe2 Qxe2+ 13. Bxe2 d6 14.
Bb5 Bd7 15. O-O-O Ne5 16. h4 O-O-O 17. Rgf1 Bg4 18. Rd2 c6 19. Ba4 Rhe8 20. Bd1
Bh3 21. Rh1 Bf5 22. Bc2 Be6 23. h5 Kc7 24. b3 Nf3 25. Rf2 Ng5 26. Re1 Bg4 27.
Rxe8 Rxe8 28. Bxh7 Re3 29. Bg8 Bxh5 30. g4 Bg6 31. Nc2 Re8 32. Bxf7 Nxf7 33. Nd4
Ne5 34. Rh2 c5 35. Nb5+ Kc6 36. c4 a6 37. Nc3 b5 38. cxb5+ axb5 39. g5 d5 40.
Re2 d4 41. Nd1 c4 42. bxc4 bxc4 43. Nb2 c3 44. Nd1 Nd3+ 45. Kc2 Rxe2+ 46. Kb3
Bf7+ 47. Ka3 Rxa2# 0-1

[Event "AUTO-OPEN-2971"]
[Site "http://www.queenalice.com/game.php?id=1173646"]
[Date "2013.4.20"]
[Round "1"]
[White "kasparosaure"]
[Black "Piritubachess"]
[Result "1-0"]
[WhiteElo "1961"]
[BlackElo "2026"]

1. d4 d5 2. Nf3 Nf6 3. Bg5 Nbd7 4. Nbd2 h6 5. Bh4 c5 6. c3 cxd4 7. cxd4 e6 8. e3
Bb4 9. Bd3 O-O 10. O-O Re8 11. Ne5 Bxd2 12. Qxd2 Qc7 13. Rac1 Qb8 14. f4 a6 15.
Rf3 b5 16. Qf2 Ra7 17. Nc6 Qb6 18. Nxa7 Qxa7 19. Bxf6 Nxf6 20. Qh4 Qe7 21. Qh3
Qb4 22. b3 Qd2 23. Rcf1 Qxd3 24. Rg3 Ne4 25. Rg4 Kh7 26. Qh4 Qxe3+ 27. Kh1 e5
28. f5 exd4 29. Rgf4 Nd2 30. Rg1 Ne4 31. h3 Nc3 32. Rf3 Qe5 33. g4 Qe4 34. Rf1
Nxa2 35. Qh5 Qe7 36. h4 g6 37. fxg6+ Kg7 38. Rxf7+ Qxf7 39. Rxf7+ Kg8 40. Qxh6
Re1+ 41. Kg2 Re2+ 42. Rf2 Rxf2+ 43. Kxf2 Be6 44. Qh7+ Kf8 45. Qh8+ Ke7 46. Qxd4
a5 47. Qa7+ Kf8 48. Qxa5 Nc1 49. Qxb5 Kg7 50. Qe8 Nd3+ 51. Ke3 Nc5 52. g5 d4+
53. Kxd4 Nxb3+ 54. Ke5 Bc4 55. Qe7+ Kg8 56. Kf6 1-0

[Event "AUTO-OPEN-2971"]
[Site "http://www.queenalice.com/game.php?id=1173647"]
[Date "2013.4.20"]
[Round "1"]
[White "Piritubachess"]
[Black "kasparosaure"]
[Result "0-1"]
[WhiteElo "2070"]
[BlackElo "1910"]

1. e4 e6 2. d4 d5 3. e5 c5 4. Nf3 Nc6 5. Bb5 Bd7 6. Bxc6 Bxc6 7. Bg5 f6 8. exf6
Nxf6 9. O-O Bd6 10. Re1 Qd7 11. dxc5 Bxc5 12. Bxf6 gxf6 13. Nbd2 O-O-O 14. Nb3
Bb6 15. Nbd4 e5 16. Nb3 Rhg8 17. g3 Qh3 18. Re2 d4 19. Nfd2 Qg2# 0-1

[Event "AUTO-OPEN-2971"]
[Site "http://www.queenalice.com/game.php?id=1173664"]
[Date "2013.4.20"]
[Round "1"]
[White "Aspayne"]
[Black "Piritubachess"]
[Result "0-1"]
[WhiteElo "2014"]
[BlackElo "2048"]

1. e4 e5 2. Nf3 Nf6 3. Nc3 Nc6 4. Nxe5 Nxe5 5. d4 Ng6 6. e5 Qe7 7. Be3 Ng8 8.
Qf3 Nh4 9. Qe4 g6 10. O-O-O Nf5 11. Nd5 Qd8 12. Nf6+ Nxf6 13. exf6+ Ne7 14. fxe7
Qxe7 15. f3 Qxe4 16. fxe4 Bg7 17. Bc4 O-O 18. Rhf1 d6 19. Rf2 Be6 20. d5 Bg4 21.
Rdf1 a6 22. c3 Rfe8 23. Rxf7 Rxe4 24. Rxg7+ Kxg7 25. Bd4+ Kg8 26. Bd3 Re7 27. h3
Bd7 28. Kd2 c6 29. dxc6 Bxc6 30. Rf6 Bxg2 31. Rxd6 Bxh3 32. Bc4+ Kf8 33. Rf6+
Ke8 34. Bc5 Rc7 35. Rf8+ Kd7 36. Rxa8 Rxc5 37. Bg8 h6 38. Rf8 Be6 0-1

[Event "AUTO-OPEN-2971"]
[Site "http://www.queenalice.com/game.php?id=1173665"]
[Date "2013.4.20"]
[Round "1"]
[White "Piritubachess"]
[Black "Aspayne"]
[Result "0-1"]
[WhiteElo "2063"]
[BlackElo "1995"]

1. e4 Nf6 2. e5 Nd5 3. d4 d6 4. Nf3 dxe5 5. dxe5 Bg4 6. h3 Bxf3 7. Qxf3 e6 8. a3
c6 9. Bc4 Nd7 10. O-O Nxe5 11. Qe2 Nxc4 12. Qxc4 Qf6 13. Nc3 Be7 14. Ne4 Qg6 15.
Re1 O-O 16. Nc5 b5 17. Qd3 Bxc5 18. Qxg6 hxg6 19. Bg5 Rfe8 20. Rad1 f6 21. Bd2
a5 22. b3 Bxa3 23. c4 bxc4 24. bxc4 Nb6 25. Re4 e5 26. Re3 Nxc4 27. Rc3 Nxd2 28.
Rxa3 Ne4 29. Re1 f5 30. f3 Nf6 31. Rc3 Ra6 32. Rc5 e4 33. fxe4 Nxe4 34. Rc2 c5
35. Kh2 a4 36. g3 a3 37. Ra1 Rb8 38. Rca2 Rb2+ 39. Rxb2 axb2 40. Rb1 Ra2 41. Kg2
Nd2 42. Rd1 Ra1 43. Rxd2 b1=Q 44. Rd8+ Kh7 45. Rd7 Qf1+ 0-1

[Event "AUTO-OPEN-3193"]
[Site "http://www.queenalice.com/game.php?id=1258280"]
[Date "2014.2.20"]
[Round "1"]
[White "SpongeBob"]
[Black "Piritubachess"]
[Result "0-1"]
[WhiteElo "2131"]
[BlackElo "2021"]

1. Nf3 d5 2. d4 Nf6 3. e3 e6 4. Nbd2 c5 5. b3 cxd4 6. exd4 Bd6 7. Bd3 Nc6 8. O-O
O-O 9. c4 b6 10. Re1 Ba6 11. Bb2 Rc8 12. Ne5 Bb7 13. Ndf3 Nb4 14. Bb1 dxc4 15.
bxc4 Re8 16. a3 Na6 17. Qe2 Nb8 18. Ng5 Rc7 19. Ng4 Nbd7 20. c5 Bf4 21. Nh3 Nxg4
22. Qxg4 Bh6 23. Ba2 bxc5 24. dxc5 Nxc5 25. Re3 Nd3 26. Be5 Nxe5 27. Rxe5 Qd2
28. Ree1 Rec8 29. Kh1 g6 30. Rad1 Qxa2 31. Nf4 Rc4 32. Qe2 Rc2 33. Qb5 Rb2 34.
Qd7 Bxf4 35. Ra1 Bxg2+ 36. Kg1 Qb3 37. Qxc8+ Kg7 38. Qc5 Qh3 39. Qd4+ e5 0-1

[Event "AUTO-OPEN-3193"]
[Site "http://www.queenalice.com/game.php?id=1258281"]
[Date "2014.2.20"]
[Round "1"]
[White "Piritubachess"]
[Black "SpongeBob"]
[Result "1-0"]
[WhiteElo "1999"]
[BlackElo "2147"]

1. e4 e6 2. d4 d5 3. Nd2 Be7 4. e5 c5 5. Qg4 Kf8 6. dxc5 Nc6 7. Ngf3 Nh6 8. Qf4
g5 9. Qa4 Bd7 10. Bb5 a6 11. Bxc6 Bxc6 12. Qb4 Rc8 13. h4 g4 14. Nb3 Nf5 15.
Qxg4 Rg8 16. Bg5 h6 17. Bxe7+ Qxe7 18. Qf4 Rxg2 19. Nfd4 Nxd4 20. Qxh6+ Ke8 21.
Nxd4 Qxc5 22. c3 b5 23. O-O-O b4 24. Rhg1 Rxg1 25. Rxg1 bxc3 26. Qf6 cxb2+ 27.
Kb1 Kd7 28. Qxf7+ Qe7 29. Qxe7+ Kxe7 30. Rg7+ Kf8 31. Nxe6+ Ke8 32. Rg8+ Kd7 33.
Nc5+ Kc7 34. Nxa6+ Kd7 35. e6+ 1-0